00471 a2200169 450000100060000002000180000604000240002410000190004824000320006724500270009930000070012636200090013365000310014294200070017395201040018099900170028447765 a9788574068633 cAnchieta - Aquarius aKogan, Mariela10aEcologia até na sopalpor10aEcologia até na sopa a460 a2019 4aLiteratura infanto-juvenil cBK 00104070a87.1b87.1d2023-11-21l0o028.5 KOG ECOp6767/AQUr2023-11-21 15:14:41w2023-11-21yBK c47765d47765